| 000 | 00719nam a2200205 4500 | ||
|---|---|---|---|
| 001 | 139959 | ||
| 003 | ES-MaACL | ||
| 005 | 20250526063007.0 | ||
| 007 | t| | ||
| 008 | 070214s1943 ag r ||||1| spa d | ||
| 100 | 1 |
_aSchopenhauer, Arthur, _d1788-1860 _9240710 |
|
| 245 | 1 | 3 |
_aLa cuádruple raíz del principio de la razón suficiente / _cArthur Schopenhauer ; traducción del alemán de Eduardo Ovejero y Maury. |
| 260 |
_aBuenos Aires : _bBiblioteca Nueva, _c1943. |
||
| 300 |
_a233 p. : _bil. ; _c20 cm. |
||
| 490 | 1 | _aCol. academus | |
| 700 | 1 |
_aOvejero y Maury, Eduardo, _d1871-1939? _988002 |
|
| 830 | 0 |
_aCol. academus _9220280 |
|
| 852 |
_aES-MaACL _jE-1175 _bR.22359 |
||
| 999 |
_c139959 _d139959 |
||